<?xml version="1.0" encoding="UTF-8"?>
<record
    xmlns:xsi="http://www.w3.org/2001/XMLSchema-instance"
    xsi:schemaLocation="http://www.loc.gov/MARC21/slim http://www.loc.gov/standards/marcxml/schema/MARC21slim.xsd"
    xmlns="http://www.loc.gov/MARC21/slim">

  <leader>03362cam a2200325 i 4500</leader>
  <controlfield tag="003">SA-RiAUC</controlfield>
  <controlfield tag="005">20250418122918.0</controlfield>
  <controlfield tag="008">250315s1971    le     g      00000 ara c</controlfield>
  <datafield tag="024" ind1="0" ind2=" ">
    <subfield code="a">00000000858901</subfield>
  </datafield>
  <datafield tag="040" ind1=" " ind2=" ">
    <subfield code="a">SA-RiAUC</subfield>
    <subfield code="b">ara</subfield>
    <subfield code="c">SA-RiAUC</subfield>
    <subfield code="d">AE-DuMBRL</subfield>
    <subfield code="e">rda</subfield>
  </datafield>
  <datafield tag="050" ind1=" " ind2="4">
    <subfield code="b">.Z35 1971</subfield>
  </datafield>
  <datafield tag="082" ind1="0" ind2="4">
    <subfield code="a">189.19</subfield>
    <subfield code="q">SA-RiAUC</subfield>
  </datafield>
  <datafield tag="090" ind1=" " ind2=" ">
    <subfield code="a">189.19  </subfield>
    <subfield code="b">  &#x632; &#x643; &#x64A;</subfield>
  </datafield>
  <datafield tag="100" ind1="0" ind2=" ">
    <subfield code="a">&#x632;&#x643;&#x64A; &#x646;&#x62C;&#x64A;&#x628; &#x645;&#x62D;&#x645;&#x648;&#x62F;&#x60C;</subfield>
    <subfield code="d">1905-1993</subfield>
    <subfield code="e">&#x645;&#x624;&#x644;&#x641;.</subfield>
  </datafield>
  <datafield tag="245" ind1="1" ind2="0">
    <subfield code="a">&#x62A;&#x62C;&#x62F;&#x64A;&#x62F; &#x627;&#x644;&#x641;&#x643;&#x631; &#x627;&#x644;&#x639;&#x631;&#x628;&#x64A; /</subfield>
    <subfield code="c">&#x627;&#x644;&#x62F;&#x643;&#x62A;&#x648;&#x631; &#x632;&#x643;&#x64A; &#x646;&#x62C;&#x64A;&#x628; &#x645;&#x62D;&#x645;&#x648;&#x62F;.</subfield>
  </datafield>
  <datafield tag="264" ind1=" " ind2="1">
    <subfield code="a">&#x628;&#x64A;&#x631;&#x648;&#x62A; :</subfield>
    <subfield code="b">&#x62F;&#x627;&#x631; &#x627;&#x644;&#x634;&#x631;&#x648;&#x642;&#x60C;</subfield>
    <subfield code="c">1971.</subfield>
  </datafield>
  <datafield tag="300" ind1=" " ind2=" ">
    <subfield code="a">388 &#x635;&#x641;&#x62D;&#x629; &#x61B;</subfield>
    <subfield code="c">20 &#xD7; 14 &#x633;&#x645;</subfield>
  </datafield>
  <datafield tag="336" ind1=" " ind2=" ">
    <subfield code="a">&#x646;&#x635;</subfield>
    <subfield code="b">txt</subfield>
    <subfield code="2">rdacontent</subfield>
    <subfield code="3">&#x643;&#x62A;&#x627;&#x628;</subfield>
  </datafield>
  <datafield tag="337" ind1=" " ind2=" ">
    <subfield code="a">&#x628;&#x62F;&#x648;&#x646; &#x648;&#x633;&#x64A;&#x637;</subfield>
    <subfield code="b">n</subfield>
    <subfield code="2">rdamedia</subfield>
  </datafield>
  <datafield tag="338" ind1=" " ind2=" ">
    <subfield code="a">&#x645;&#x62C;&#x644;&#x62F;</subfield>
    <subfield code="b">nc</subfield>
    <subfield code="2">rdacarrier</subfield>
  </datafield>
  <datafield tag="520" ind1=" " ind2=" ">
    <subfield code="a">&#x64A;&#x62A;&#x646;&#x627;&#x648;&#x644; &#x643;&#x62A;&#x627;&#x628; (&#x62A;&#x62C;&#x62F;&#x64A;&#x62F; &#x627;&#x644;&#x641;&#x643;&#x631; &#x627;&#x644;&#x639;&#x631;&#x628;&#x64A;) &#x648;&#x627;&#x644;&#x630;&#x64A; &#x642;&#x627;&#x645; &#x628;&#x62A;&#x623;&#x644;&#x64A;&#x641;&#x647; (&#x632;&#x643;&#x64A; &#x646;&#x62C;&#x64A;&#x628; &#x645;&#x62D;&#x645;&#x648;&#x62F;) &#x641;&#x64A; &#x62D;&#x648;&#x627;&#x644;&#x64A; (388) &#x635;&#x641;&#x62D;&#x629; &#x645;&#x646; &#x627;&#x644;&#x642;&#x637;&#x639; &#x627;&#x644;&#x645;&#x62A;&#x648;&#x633;&#x637; &#x645;&#x648;&#x636;&#x648;&#x639; (&#x627;&#x644;&#x641;&#x644;&#x633;&#x641;&#x629; &#x627;&#x644;&#x639;&#x631;&#x628;&#x64A;&#x629;) &#x645;&#x633;&#x62A;&#x639;&#x631;&#x636;&#x627; &#x627;&#x644;&#x645;&#x62D;&#x62A;&#x648;&#x64A;&#x627;&#x62A; &#x627;&#x644;&#x62A;&#x627;&#x644;&#x64A;&#x629; : &#x633;&#x624;&#x627;&#x644; &#x645;&#x637;&#x631;&#x648;&#x62D;&#x60C; &#x639;&#x642;&#x628;&#x627;&#x644; &#x639;&#x644;&#x649; &#x627;&#x644;&#x637;&#x631;&#x64A;&#x642;&#x60C; &#x62B;&#x642;&#x627;&#x641;&#x629; &#x641;&#x64A; &#x62A;&#x631;&#x627;&#x62B;&#x646;&#x627; &#x644;&#x627; &#x646;&#x639;&#x64A;&#x634;&#x647;&#x627;&#x60C; &#x63A;&#x631;&#x628;&#x629; &#x627;&#x644;&#x631;&#x648;&#x62D; &#x628;&#x64A;&#x646; &#x623;&#x647;&#x644;&#x647;&#x627;&#x60C; &#x635;&#x631;&#x627;&#x62D; &#x62B;&#x642;&#x627;&#x641;&#x64A; &#x642;&#x62F;&#x64A;&#x645;&#x60C; &#x636;&#x631;&#x648;&#x631;&#x629; &#x627;&#x644;&#x62A;&#x62D;&#x648;&#x644;&#x60C; &#x62B;&#x648;&#x631;&#x629; &#x641;&#x64A; &#x627;&#x644;&#x644;&#x63A;&#x629;&#x60C; &#x641;&#x644;&#x633;&#x644;&#x641;&#x629; &#x639;&#x631;&#x628;&#x64A;&#x629; &#x645;&#x642;&#x62A;&#x631;&#x62D;&#x629;&#x60C; &#x642;&#x64A;&#x645; &#x628;&#x627;&#x642;&#x64A;&#x629; &#x645;&#x646; &#x62A;&#x631;&#x627;&#x62B;&#x646;&#x627;&#x60C; &#x634;&#x64A;&#x621; &#x639;&#x646; &#x627;&#x644;&#x625;&#x646;&#x633;&#x627;&#x646;.</subfield>
  </datafield>
  <datafield tag="650" ind1=" " ind2="7">
    <subfield code="a">&#x627;&#x644;&#x62D;&#x636;&#x627;&#x631;&#x629; &#x627;&#x644;&#x639;&#x631;&#x628;&#x64A;&#x629;</subfield>
    <subfield code="2">aucsh</subfield>
  </datafield>
  <datafield tag="650" ind1=" " ind2="7">
    <subfield code="a">&#x627;&#x644;&#x641;&#x644;&#x633;&#x641;&#x629; &#x627;&#x644;&#x639;&#x631;&#x628;&#x64A;&#x629;</subfield>
    <subfield code="2">aucsh</subfield>
  </datafield>
  <datafield tag="650" ind1=" " ind2="7">
    <subfield code="a">&#x627;&#x644;&#x641;&#x644;&#x633;&#x641;&#x629; &#x627;&#x644;&#x62D;&#x62F;&#x64A;&#x62B;&#x629;</subfield>
    <subfield code="2">aucsh</subfield>
  </datafield>
  <datafield tag="856" ind1=" " ind2=" ">
    <subfield code="u">https://www.hindawi.org/books/69496185/</subfield>
    <subfield code="y">External Link</subfield>
    <subfield code="2"> &#x646;&#x631;&#x62C;&#x648; &#x627;&#x644;&#x627;&#x646;&#x62A;&#x628;&#x627;&#x647; &#x644;&#x625;&#x645;&#x643;&#x627;&#x646;&#x64A;&#x629; &#x648;&#x62C;&#x648;&#x62F; &#x627;&#x62E;&#x62A;&#x644;&#x627;&#x641; &#x641;&#x64A; &#x627;&#x644;&#x637;&#x628;&#x639;&#x629; &#x623;&#x648; &#x627;&#x644;&#x646;&#x627;&#x634;&#x631; &#x628;&#x64A;&#x646; &#x627;&#x644;&#x628;&#x64A;&#x627;&#x646;&#x627;&#x62A; &#x639;&#x644;&#x649; &#x627;&#x644;&#x628;&#x648;&#x627;&#x628;&#x629; &#x648;&#x645;&#x627; &#x633;&#x62A;&#x62C;&#x62F;&#x647; &#x639;&#x644;&#x649; &#x627;&#x644;&#x643;&#x62A;&#x627;&#x628; &#x646;&#x638;&#x631;&#x627; &#x644;&#x645;&#x62D;&#x62F;&#x648;&#x62F;&#x64A;&#x629; &#x627;&#x644;&#x645;&#x639;&#x644;&#x648;&#x645;&#x627;&#x62A; &#x627;&#x644;&#x645;&#x62A;&#x627;&#x62D;&#x629; &#x639;&#x644;&#x649; &#x627;&#x644;&#x645;&#x648;&#x642;&#x639; &#x627;&#x644;&#x646;&#x627;&#x634;&#x631; &#x644;&#x644;&#x645;&#x627;&#x62F;&#x629;.</subfield>
    <subfield code="3">Please note that there may be a difference in the edition or publisher between the data on the portal and  the book due to the limited information available on the publisher website for the material.</subfield>
  </datafield>
  <datafield tag="856" ind1=" " ind2=" ">
    <subfield code="u">https://s3.amazonaws.com/images.hindawi.org/kalimat/covers/svg/270x360/69496185.svg</subfield>
    <subfield code="y">CoverImage</subfield>
    <subfield code="2"> &#x646;&#x631;&#x62C;&#x648; &#x627;&#x644;&#x627;&#x646;&#x62A;&#x628;&#x627;&#x647; &#x644;&#x625;&#x645;&#x643;&#x627;&#x646;&#x64A;&#x629; &#x648;&#x62C;&#x648;&#x62F; &#x627;&#x62E;&#x62A;&#x644;&#x627;&#x641; &#x641;&#x64A; &#x627;&#x644;&#x637;&#x628;&#x639;&#x629; &#x623;&#x648; &#x627;&#x644;&#x646;&#x627;&#x634;&#x631; &#x628;&#x64A;&#x646; &#x627;&#x644;&#x628;&#x64A;&#x627;&#x646;&#x627;&#x62A; &#x639;&#x644;&#x649; &#x627;&#x644;&#x628;&#x648;&#x627;&#x628;&#x629; &#x648;&#x645;&#x627; &#x633;&#x62A;&#x62C;&#x62F;&#x647; &#x639;&#x644;&#x649; &#x627;&#x644;&#x643;&#x62A;&#x627;&#x628; &#x646;&#x638;&#x631;&#x627; &#x644;&#x645;&#x62D;&#x62F;&#x648;&#x62F;&#x64A;&#x629; &#x627;&#x644;&#x645;&#x639;&#x644;&#x648;&#x645;&#x627;&#x62A; &#x627;&#x644;&#x645;&#x62A;&#x627;&#x62D;&#x629; &#x639;&#x644;&#x649; &#x627;&#x644;&#x645;&#x648;&#x642;&#x639; &#x627;&#x644;&#x646;&#x627;&#x634;&#x631; &#x644;&#x644;&#x645;&#x627;&#x62F;&#x629;.</subfield>
    <subfield code="3">Please note that there may be a difference in the edition or publisher between the data on the portal and  the book due to the limited information available on the publisher website for the material.</subfield>
  </datafield>
  <datafield tag="856" ind1=" " ind2=" ">
    <subfield code="u">https://www.hindawi.org/books/69496185.pdf</subfield>
    <subfield code="y">Digital Copy</subfield>
    <subfield code="2"> &#x646;&#x631;&#x62C;&#x648; &#x627;&#x644;&#x627;&#x646;&#x62A;&#x628;&#x627;&#x647; &#x644;&#x625;&#x645;&#x643;&#x627;&#x646;&#x64A;&#x629; &#x648;&#x62C;&#x648;&#x62F; &#x627;&#x62E;&#x62A;&#x644;&#x627;&#x641; &#x641;&#x64A; &#x627;&#x644;&#x637;&#x628;&#x639;&#x629; &#x623;&#x648; &#x627;&#x644;&#x646;&#x627;&#x634;&#x631; &#x628;&#x64A;&#x646; &#x627;&#x644;&#x628;&#x64A;&#x627;&#x646;&#x627;&#x62A; &#x639;&#x644;&#x649; &#x627;&#x644;&#x628;&#x648;&#x627;&#x628;&#x629; &#x648;&#x645;&#x627; &#x633;&#x62A;&#x62C;&#x62F;&#x647; &#x639;&#x644;&#x649; &#x627;&#x644;&#x643;&#x62A;&#x627;&#x628; &#x646;&#x638;&#x631;&#x627; &#x644;&#x645;&#x62D;&#x62F;&#x648;&#x62F;&#x64A;&#x629; &#x627;&#x644;&#x645;&#x639;&#x644;&#x648;&#x645;&#x627;&#x62A; &#x627;&#x644;&#x645;&#x62A;&#x627;&#x62D;&#x629; &#x639;&#x644;&#x649; &#x627;&#x644;&#x645;&#x648;&#x642;&#x639; &#x627;&#x644;&#x646;&#x627;&#x634;&#x631; &#x644;&#x644;&#x645;&#x627;&#x62F;&#x629;.</subfield>
    <subfield code="3">Please note that there may be a difference in the edition or publisher between the data on the portal and  the book due to the limited information available on the publisher website for the material.</subfield>
  </datafield>
  <datafield tag="942" ind1=" " ind2=" ">
    <subfield code="2">ddc</subfield>
    <subfield code="c">BOOK</subfield>
    <subfield code="n">0</subfield>
  </datafield>
  <datafield tag="949" ind1=" " ind2=" ">
    <subfield code="a">SA-JeALM</subfield>
    <subfield code="d">250315</subfield>
    <subfield code="u">mohamedma123</subfield>
    <subfield code="n">1</subfield>
  </datafield>
  <datafield tag="952" ind1=" " ind2=" ">
    <subfield code="0">0</subfield>
    <subfield code="1">0</subfield>
    <subfield code="2">ddc</subfield>
    <subfield code="4">0</subfield>
    <subfield code="7">0</subfield>
    <subfield code="a">WAHAB</subfield>
    <subfield code="b">WAHAB</subfield>
    <subfield code="d">2025-04-18</subfield>
    <subfield code="l">0</subfield>
    <subfield code="o">189.19  &#x632; &#x643; &#x64A;</subfield>
    <subfield code="p">000011915</subfield>
    <subfield code="r">2025-04-18 12:29:36</subfield>
    <subfield code="w">2025-04-18</subfield>
    <subfield code="y">BOOK</subfield>
  </datafield>
  <datafield tag="999" ind1=" " ind2=" ">
    <subfield code="c">7149</subfield>
    <subfield code="d">7149</subfield>
  </datafield>
</record>
